| 000 | 00701nam a22001457a 4500 | ||
|---|---|---|---|
| 999 |
_c59566 _d59566 |
||
| 005 | 20230315173823.0 | ||
| 008 | 230315c2018 ge ||||| |||| 00| 0 geo d | ||
| 022 | _a15120481 | ||
| 041 | _ageo | ||
| 245 |
_aსაქართველოს უზენაესი სასამართლოს გადაწყვეტილებანი ადმინისტრაციულ საქმეებზე / _b[ყოველთვიური]. ადმინისტრაციული პრიოცესი. |
||
| 260 |
_aთბილისი, _c2018. |
||
| 300 | _av. | ||
| 653 | _a ადმინისტრაციული პრიოცესი | ||
| 942 |
_2udc _cCR |
||